000 00480nam a2200133 a 4500
008 120416s1993 ||||||||||||||||| || u
050 _aQA 76.73.W67 Urb
100 _aUrban, Polly
245 1 2 _aA Quick course in WordPerfect 6 for Windows
260 _aOnline Press
_c1993
300 _a[iv], 164p. : ill.
350 _a0.00
995 _D0.00
_FCBU-MAIN LIBRARY (Kitwe)
_H1
_I12.95
_M1
_UDAMAGED
_ZMain Library Open Access Collection
999 _c55524
_d55524